Library of the University of Algiers 3
Ibrahim Sultan Cheibout
شعار جامعة الجزائر 3
مكتبة جامعة الجزائر 3
إبراهيم سلطان شيبوط

مدخل الإصابات الرياضية والإسعافات الأولية (رقم التسجيلة. 14118)

تفاصيل مارك
000 -LEADER
fixed length control field 00645nam a2200205Ia 4500
003 - CONTROL NUMBER IDENTIFIER
control field IEPS
005 - DATE AND TIME OF LATEST TRANSACTION
control field 20250703135334.0
008 - FIXED-LENGTH DATA ELEMENTS--GENERAL INFORMATION
fixed length control field 250223s9999||||xx |||||||||||||| ||und||
020 ## - INTERNATIONAL STANDARD BOOK NUMBER
International Standard Book Number 9789773507237
040 ## - CATALOGING SOURCE
-- IEPS
041 ## - LANGUAGE CODE
Language code of text/sound track or separate title ara
082 ## - DEWEY DECIMAL CLASSIFICATION NUMBER
Classification number 617.1
100 ## - MAIN ENTRY--PERSONAL NAME
Personal name الشطوري، أحمد عبد الرحمن
245 #0 - TITLE STATEMENT
Title مدخل الإصابات الرياضية والإسعافات الأولية
260 ## - PUBLICATION, DISTRIBUTION, ETC.
Place of publication, distribution, etc. القاهرة
Name of publisher, distributor, etc. دار الكتاب الحديث
Date of publication, distribution, etc. 2023
300 ## - PHYSICAL DESCRIPTION
Extent 174 ص.
Other physical details صور
Dimensions 24 سم.
653 ## - INDEX TERM--UNCONTROLLED
Uncontrolled term الإسعافات الأولية
653 ## - INDEX TERM--UNCONTROLLED
Uncontrolled term الإصابات الرياضية
942 ## - ADDED ENTRY ELEMENTS (KOHA)
Koha item type كتب
المقتنيات
Withdrawn status Lost status Source of classification or shelving scheme Damaged status Not for loan Home library Current library Date acquired Inventory number Total checkouts Full call number Barcode Date last seen Copy number Price effective from Koha item type
    Dewey Decimal Classification   NOT LOAN / إعارة داخلية مكتبة معهد التربية البدنية و الرياضية مكتبة معهد التربية البدنية و الرياضية 23/02/2025 ar9612   617.1 ا أ م / 1 ar9612 23/02/2025 ل ع 3066 / 1 23/02/2025 كتب
    Dewey Decimal Classification   Available مكتبة معهد التربية البدنية و الرياضية مكتبة معهد التربية البدنية و الرياضية 23/02/2025 ar9613   617.1 ا أ م / 2 ar9613 23/02/2025 ل ع 3066 / 2 23/02/2025 كتب
    Dewey Decimal Classification   Available مكتبة معهد التربية البدنية و الرياضية مكتبة معهد التربية البدنية و الرياضية 23/02/2025 ar9614   617.1 ا أ م / 3 ar9614 23/02/2025 ل ع 3066 / 3 23/02/2025 كتب

موارد الويب المفتوحة


© University of Algiers 3 All Rights Reserved
|
Implemented by LECHELAH Riad